MANAGERIAL ECONOMICS FIRMS MARKETS AND B (Record no. 7305)
[ view plain ]
| 000 -LEADER | |
|---|---|
| fixed length control field | 00366nam a2200133Ia 4500 |
| 008 - FIXED-LENGTH DATA ELEMENTS--GENERAL INFORMATION | |
| fixed length control field | 240624s9999 xx 000 0 und d |
| 041 ## - LANGUAGE CODE | |
| Language code of text/sound track or separate title | eng |
| 082 ## - DEWEY DECIMAL CLASSIFICATION NUMBER | |
| Classification number | 338.5024658 DOB |
| 100 ## - MAIN ENTRY--PERSONAL NAME | |
| Personal name | DOBBS IAN |
| 245 ## - TITLE STATEMENT | |
| Title | MANAGERIAL ECONOMICS FIRMS MARKETS AND B |
| 260 ## - PUBLICATION, DISTRIBUTION, ETC. | |
| Date of publication, distribution, etc. | 2000 |
| Place of publication, distribution, etc. | New Delhi |
| Name of publisher, distributor, etc. | Oxford University press |
| 300 ## - PHYSICAL DESCRIPTION | |
| Extent | xvii, , 493 , 25 : p. : cm. |
| 365 ## - TRADE PRICE | |
| Currency code | BPS |
| Price amount | 30 |
| Withdrawn status | Lost status | Damaged status | Not for loan | Home library | Current library | Shelving location | Date acquired | Source of acquisition | Cost, normal purchase price | Total Holds | Full call number | Barcode | Date last seen | Copy number | Price effective from | Koha item type |
|---|---|---|---|---|---|---|---|---|---|---|---|---|---|---|---|---|
| IMTN | IMTN | Rack 10-B | 11/13/2007 | IBH | 38.99 | 1475 | 338.5024658 DOB | 7305 | 06/24/2024 | 81.75 | 06/24/2024 | Books |